<?xml version="1.0" encoding="UTF-8"?>
<collection xmlns="http://www.loc.gov/MARC21/slim">
 <record>
  <leader>01150nam a22002171  4500</leader>
  <controlfield tag="001">1/49602</controlfield>
  <controlfield tag="008">931026s1979    gr            000 0 gre d</controlfield>
  <datafield tag="035" ind1=" " ind2=" ">
   <subfield code="l">2642</subfield>
  </datafield>
  <datafield tag="040" ind1=" " ind2=" ">
   <subfield code="a">GR-PeUP</subfield>
  </datafield>
  <datafield tag="090" ind1=" " ind2=" ">
   <subfield code="a">338.180'9 ΣΤ</subfield>
  </datafield>
  <datafield tag="100" ind1="1" ind2=" ">
   <subfield code="a">Σταυρόπουλος, Θεόδωρος Γ.</subfield>
  </datafield>
  <datafield tag="245" ind1="1" ind2="0">
   <subfield code="a">Ιστορική ανάλυση του αγροτικού ζητήματος στην Ελλάδα /</subfield>
   <subfield code="c">Θεόδωρος Σταυρόπουλος.</subfield>
  </datafield>
  <datafield tag="260" ind1=" " ind2=" ">
   <subfield code="a">Αθήνα :</subfield>
   <subfield code="b">Νέα Σύνορα,</subfield>
   <subfield code="c">1979.</subfield>
  </datafield>
  <datafield tag="300" ind1=" " ind2=" ">
   <subfield code="a">2 τ. ;</subfield>
   <subfield code="c">21 εκ.</subfield>
  </datafield>
  <datafield tag="490" ind1="1" ind2=" ">
   <subfield code="a">Πολιτική-Οικονομία-Κοινωνιολογία ;</subfield>
  </datafield>
  <datafield tag="504" ind1=" " ind2=" ">
   <subfield code="a">Περιέχει βιβλιογραφία</subfield>
  </datafield>
  <datafield tag="505" ind1="0" ind2=" ">
   <subfield code="a">Τ.1. Από Φραγκοκρατίας 1267-1980 -- Τ.2. 1827-1909</subfield>
  </datafield>
  <datafield tag="650" ind1=" " ind2="4">
   <subfield code="a">Γεωργία</subfield>
   <subfield code="x">Ιστορική και γεωγραφική άποψη.</subfield>
  </datafield>
  <datafield tag="830" ind1=" " ind2=" ">
   <subfield code="a">Πολιτική-Οικονομία-Κοινωνιολογία.</subfield>
  </datafield>
  <datafield tag="852" ind1=" " ind2=" ">
   <subfield code="a">INST</subfield>
   <subfield code="b">UNIPILB</subfield>
   <subfield code="c">MAIN</subfield>
   <subfield code="e">20040709</subfield>
   <subfield code="h">338.180'9 ΣΤ</subfield>
   <subfield code="p">00114984</subfield>
   <subfield code="q">00114984</subfield>
   <subfield code="t">LOAN</subfield>
   <subfield code="v">τ.2:</subfield>
   <subfield code="y">0</subfield>
   <subfield code="z">τ.2</subfield>
   <subfield code="4">1</subfield>
  </datafield>
  <datafield tag="852" ind1=" " ind2=" ">
   <subfield code="a">INST</subfield>
   <subfield code="b">UNIPILB</subfield>
   <subfield code="c">MAIN</subfield>
   <subfield code="e">20040709</subfield>
   <subfield code="h">338.180'9 ΣΤ</subfield>
   <subfield code="p">00114985</subfield>
   <subfield code="q">00114985</subfield>
   <subfield code="t">LOAN</subfield>
   <subfield code="v">τ.1:</subfield>
   <subfield code="y">0</subfield>
   <subfield code="z">τ.1</subfield>
   <subfield code="4">1</subfield>
  </datafield>
 </record>
</collection>
